000 00272nam a22001217a 4500
008 170301b xxu||||| |||| 00| 0 eng d
041 _aeng
080 _a61
100 _a6
101 _ashm
245 _aTHE PHARMACOLOGY OF INHALED ANESTHETICS
_cEGER, E
942 _2udc
_cBK
999 _c6504
_d6504